ARRUPE JESUIT UNIVERSITY

CORONAVIRUS -STOP THE SPREAD - CLEAN,DISINFECT,COVER

The wounded animal : (Record no. 124684)

MARC details
000 -LEADER
fixed length control field 01279cam a22003254a 4500
001 - CONTROL NUMBER
control field 15251453
003 - CONTROL NUMBER IDENTIFIER
control field ARRUPE
005 - DATE AND TIME OF LATEST TRANSACTION
control field 20160428104439.0
008 - FIXED-LENGTH DATA ELEMENTS--GENERAL INFORMATION
fixed length control field 080407s2009 nju b 001 0 eng
010 ## - LIBRARY OF CONGRESS CONTROL NUMBER
LC control number 2008015470
020 ## - INTERNATIONAL STANDARD BOOK NUMBER
International Standard Book Number 9780691137360 (cloth : alk. paper)
020 ## - INTERNATIONAL STANDARD BOOK NUMBER
International Standard Book Number 9780691137377 (pbk. : alk. paper)
040 ## - CATALOGING SOURCE
Original cataloging agency DLC
Transcribing agency DLC
Modifying agency DLC
050 00 - LIBRARY OF CONGRESS CALL NUMBER
Classification number PR9369.3.C58
Item number Z86 2009
082 00 - DEWEY DECIMAL CLASSIFICATION NUMBER
Classification number 823/.914
Edition number 22
300 ## - PHYSICAL DESCRIPTION
Dimensions 24 cm.
100 1# - MAIN ENTRY--PERSONAL NAME
Personal name Mulhall, Stephen,
Dates associated with a name 1962-
9 (RLIN) 24044
245 14 - TITLE STATEMENT
Title The wounded animal :
Remainder of title J. M. Coetzee and the difficulty of reality in literature and philosophy /
Statement of responsibility, etc Stephen Mulhall.
260 ## - PUBLICATION, DISTRIBUTION, ETC. (IMPRINT)
Place of publication, distribution, etc Princeton :
Name of publisher, distributor, etc Princeton University Press,
Date of publication, distribution, etc c2009.
300 ## - PHYSICAL DESCRIPTION
Extent x, 259 p. ;
504 ## - BIBLIOGRAPHY, ETC. NOTE
Bibliography, etc Includes bibliographical references (p. [253]-255) and index.
505 0# - FORMATTED CONTENTS NOTE
Formatted contents note The lives of animals -- Elizabeth Costello.
600 10 - SUBJECT ADDED ENTRY--PERSONAL NAME
Personal name Coetzee, J. M.,
Dates associated with a name 1940-
General subdivision Criticism and interpretation.
9 (RLIN) 295
600 10 - SUBJECT ADDED ENTRY--PERSONAL NAME
Personal name Coetzee, J. M.,
Dates associated with a name 1940-
General subdivision Philosophy.
9 (RLIN) 24045
650 #0 - SUBJECT ADDED ENTRY--TOPICAL TERM
Topical term or geographic name as entry element Philosophy in literature.
9 (RLIN) 4752
650 #0 - SUBJECT ADDED ENTRY--TOPICAL TERM
Topical term or geographic name as entry element Animals (Philosophy)
9 (RLIN) 22339
650 #0 - SUBJECT ADDED ENTRY--TOPICAL TERM
Topical term or geographic name as entry element Literature
General subdivision Philosophy.
9 (RLIN) 11422
906 ## - LOCAL DATA ELEMENT F, LDF (RLIN)
a 7
b cbc
c orignew
d 1
e ecip
f 20
g y-gencatlg
942 ## - ADDED ENTRY ELEMENTS (KOHA)
Source of classification or shelving scheme Library of Congress Classification
Koha item type Monograph ( Printed materials)
Holdings
Withdrawn status Lost status Source of classification or shelving scheme Damaged status Not for loan Collection code Home library Current library Shelving location Date acquired Total Checkouts Full call number Barcode Date last seen Price effective from Koha item type
    Library of Congress Classification     Main Collection ARRUPE LIBRARY ARRUPE LIBRARY Main Collection 22/04/2016   PR9369.3.C58 Z86 2009 46500006494 22/04/2016 22/04/2016 Monograph ( Printed materials)

 

Arrupe Library. PO Box MP320 Mt Pleasant, Harare, Zimbabwe
263 242 745411|librarian@aju.ac.zw